[Event "Windsor NAYCC U18"]
[Site "Windsor"]
[Date "2016.08.09"]
[Round "5.9"]
[White "Zhang, Yuanchen"]
[Black "Wang, Jalen"]
[Result "1/2-1/2"]
[WhiteElo "2083"]
[BlackElo "2095"]
[PlyCount "94"]
[EventDate "2016.08.07"]
[EventType "swiss"]
[EventRounds "9"]
[EventCountry "CAN"]
[SourceTitle "EXT 2022"]
[Source "ChessBase"]
[SourceDate "2021.10.06"]
[SourceVersion "1"]
[SourceVersionDate "2021.10.06"]
[SourceQuality "1"]

1. e4 a6 2. d4 d6 3. c4 g6 4. Nc3 Bg7 5. Be3 e5 6. Nge2 exd4 7. Nxd4 Ne7 8. Be2 0-0 9. 0-0 Nbc6 10. f3 f5 11. exf5 Nxf5 12. Nxf5 Bxf5 13. Qd2 Qd7 14. Rfe1 Rae8 15. Bf2 Qf7 16. Rad1 h6 17. Nd5 Be6 18. b3 Bxd5 19. cxd5 Ne5 20. Qb4 b6 21. Bg3 a5 22. Qd2 g5 23. Bb5 Re7 24. Re4 Ng6 25. Rxe7 Qxe7 26. Re1 Be5 27. Qc2 Kg7 28. Qe4 Qf6 29. Bd3 Re8 30. Qxg6+ Qxg6 31. Bxg6 Bd4+ 32. Kf1 Rxe1+ 33. Kxe1 Kxg6 34. Ke2 Kf5 35. Kd3 Be5 36. Bxe5 Kxe5 37. Kc4 b5+ 38. Kxb5 Kxd5 39. Kxa5 Kc5 40. b4+ Kc4 41. g3 d5 42. f4 gxf4 43. gxf4 d4 44. f5 d3 45. f6 d2 46. f7 d1Q 47. f8Q Qd5+ 1/2-1/2

[Event "Windsor NAYCC U18"]
[Site "Windsor"]
[Date "2016.08.08"]
[Round "3.13"]
[White "Sheng, Joshua"]
[Black "Wang, Jalen"]
[Result "1/2-1/2"]
[WhiteElo "2394"]
[BlackElo "2095"]
[PlyCount "34"]
[EventDate "2016.08.07"]
[EventType "swiss"]
[EventRounds "9"]
[EventCountry "CAN"]
[SourceTitle "EXT 2022"]
[Source "ChessBase"]
[SourceDate "2021.10.06"]
[SourceVersion "1"]
[SourceVersionDate "2021.10.06"]
[SourceQuality "1"]

1. e4 a6 2. c4 c5 3. Nf3 Nc6 4. d4 cxd4 5. Nxd4 e5 6. Nc2 Bc5 7. Be2 Nge7 8. 0-0 0-0 9. Nc3 f5 10. exf5 d6 11. f6 Rxf6 12. Ne4 Rf8 13. Be3 Bxe3 14. fxe3 Rxf1+ 15. Bxf1 Bf5 16. Bd3 d5 17. Nc3 dxc4 1/2-1/2

[Event "US Open-115"]
[Site "Orlando"]
[Date "2014.08.01"]
[Round "7"]
[White "Gulamali, Kazim"]
[Black "Wang, Jalen"]
[Result "1/2-1/2"]
[WhiteElo "2283"]
[BlackElo "2050"]
[PlyCount "52"]
[EventDate "2014.07.26"]
[EventType "swiss"]
[EventRounds "9"]
[EventCountry "USA"]
[SourceTitle "CBM 161 Extra"]
[Source "ChessBase"]
[SourceDate "2014.08.29"]
[SourceVersion "1"]
[SourceVersionDate "2014.08.29"]
[SourceQuality "1"]

1. d4 a6 2. e4 e6 3. Nf3 d5 4. Nc3 Bb4 5. e5 c5 6. a3 cxd4 7. Qxd4 Nc6 8. Qg4 Bf8 9. Bd3 d4 10. Ne2 Nxe5 11. Nxe5 Qa5+ 12. Bd2 Qxe5 13. Qxd4 Qxd4 14. Nxd4 Nf6 15. 0-0 Bd7 16. Rfe1 Bc5 17. Nb3 Bb6 18. Na5 0-0-0 19. Nc4 Bc7 20. Ne5 Be8 21. Rad1 Nd7 22. Nc4 Nc5 23. Bf1 Bc6 24. Be3 Ne4 25. f3 Nd6 26. Nb6+ Kb8 1/2-1/2